Statistiques concernant Culture Générale - Série 449

Cliquez ici pour prendre le quiz!

Statistiques générales

  • Ce quiz a été pris 136 fois
  • Le résultat moyen est 4 sur 10

Statistiques - réponses

QuestionRéponse% Correct
De quel Premier ministre de Louis XIII, les 3 Mousquetaires ont‐ils déjoué les conspirations ?Richelieu
79%
Dans la chanson "Amsterdam", de quel poisson Jacques Brel évoque‐t‐il l'odeur ?morue
62%
Avec Charlotte et Anne, quel est le prénom de la troisième soeur Brontë ?Emily
50%
Comment appelle‐t‐on une horloge qui utilise l'écoulement de l'eau pour mesurer le temps ?clepsydre
48%
D'après le titre de la chanson, comment est la planète chantée par Affaire Louis' Trio en 1987 ?Chic
41%
Dans quel sketch des Inconnus, Didier Bourdon répond‐il "Stéphanie de Monaco" ?Télémagouilles
41%
Quel pays possède l'île Amsterdam, située dans le sud de l'océan Indien ?France
36%
En physique, quel nom donne‐t‐on au passage de la vapeur d'eau à l'état liquide ou, plus rarement, à l'état solide ?condensation
34%
Dans quel lieu se déroule la scène finale du film "Le Bon, la brute et le truand" ?cimetière
31%
Quel terme médical désigne le besoin pathologique de boire constamment de l'eau ?potomanie
27%

Distribution des résultats

Percentile par nombre de réponses

% des personnes avec chaque résultat

Votre développement - résultats

Vous n’avez pas pris ce quiz